000
00304nam a2200133Ia 4500
008
230627s9999 xx 000 0 und d
041
_a
eng
082
_a
343.099
_b
AHM
100
_a
Ahmad F.
245
_a
Cyber Law In India
250
_a
3ed.
260
_b
Allahabad Law Agency
_c
2008
300
_a
622p
999
_c
679129
_d
679129